00513nam a2200181 a 450000500170000000800410001702000180005805000250007610000160010124500490011726000460016630000340021250000200024652100080026665000150027470000190028970000230030820140310183611.0120825s19uu xx 00 eng d a9780199587414 aHF 5636 b.C273 2011 aCarey, Mary aAcounting :ba smart approach /cMary Carey. aOxford :bOxford University Press,c2011. a380 p. :bcol. ill. ;c25 cm. aIncludes index. aBSA aAccounting aKnowles, Cathy aClark, Jane Towers